Obras completas de Azorin (Registro nro. 87361)

Detalles MARC
000 -ENCABEZADO
Número de control [NR] 00695nam a22002057a 4500
005 - FECHA Y HORA DE LA ÚLTIMA TRANSACCIÓN
control field 20211028083735.0
008 - DE LONGITUD FIJA DE DATOS DE ELEMENTOS - INFORMACIÓN GENERAL
Elementos de longitud fija [NR] 130821s1919 sp gr spa
040 ## - FUENTE DE CATALOGACION [NR]
Agencia de catalogación original [NR] Co-BoUCM
Idioma de catalogación [NR] spa
Quien Cataloga [Nuevo]
Quien Clasifica [Nuevo]
041 00 - CODIGO DE IDIOMA [R]
Código de idioma para texto/pista de sonido o título separado [R] Español
100 1# - ASIENTO PRINCIPAL--NOMBRE PERSONAL [NR]
Nombre personal [NR] Azorin, Seud
Fechas asociadas con el nombre [NR] 1873-1967
ID Autoridad 69932
245 10 - MENCION DE TITULO [NR]
Título [NR] Obras completas de Azorin
Mención de responsabilidad, etc. [NR] Azorín
260 ## - PUBLICACION, DISTRIBUCION, ETC. (PIE DE IMPRENTA) [R]
Lugar de publicación, distribución, etc. [R] Madrid (España)
Nombre del editor, distribuidor, etc. [R] Ed. Rafael Caro Baggio
Fecha de publicación, distribución, etc. [R] 1919
300 ## - DESCRIPCION FISICA [R]
Extensión [R] [1 volumen]
600 #7 - ASIENTO SECUNDARIO DE MATERIA - NOMBRE PERSONAL [R]
Nombre personal [NR] Azorin
Fechas asociadas con el nombre [NR] 1873-1967
Subdivisión de forma [R] Colecciones de escritos
9 (RLIN) 495
650 04 - ASIENTO SECUNDARIO DE MATERIA - TERMINO TEMATICO [R]
Término temático o nombre geográfico como elemento de entrada [NR] Literatura clásica
9 (RLIN) 18628
650 04 - ASIENTO SECUNDARIO DE MATERIA - TERMINO TEMATICO [R]
Término temático o nombre geográfico como elemento de entrada [NR] Literatura española
Subdivisión cronológica [R] Siglo XIX
9 (RLIN) 7793
650 04 - ASIENTO SECUNDARIO DE MATERIA - TERMINO TEMATICO [R]
Término temático o nombre geográfico como elemento de entrada [NR] Literatura europea
9 (RLIN) 26524
942 ## - ELEMENTOS DE ENTRADA AGREGADOS (KOHA)
Tipo de ítem principal el descrito en 300a Libro
Tema principal Literatura
Edición 1
Parte restante de la signatura top. A96
Título oculto en OPAC No
Sistema de clasificación DEWEY
Clasificación 800
Existencias
Signatura topográfica Código de barras Última vez visto Volúmen / Fascículo Ejemplar Price effective from Tipo de ítem Perdido Sistema de clasificación Dañado No prestable Tipo de ítem específico Suprimido Ubicación habitual Ubicación actual Localización Fecha de creación Forma de adquisición Costo
FCS 800 A96 120003033 12/07/2012 V. 3 Ej.1 03/02/2013 Libro   DEWEY     Fondos especiales     Archivo Histórico Archivo histórico 28/02/2005 Donación 1000.00
FCS 800 A96 120003034 12/07/2012 V. 9 Ej.1 03/02/2013 Libro   DEWEY     Fondos especiales     Archivo Histórico Archivo histórico 28/02/2005 Donación 1000.00
FCS 800 A96 120003035 12/07/2012 V. 13 Ej.1 03/02/2013 Libro   DEWEY     Fondos especiales     Archivo Histórico Archivo histórico 28/02/2005 Donación 1000.00
FCS 800 A96 120003036 12/07/2012 V. 19 Ej.1 03/02/2013 Libro   DEWEY     Fondos especiales     Archivo Histórico Archivo histórico 28/02/2005 Donación 1000.00